[Event "2006 Standard Chess Dropout Tournament, Round 2"]
[Site "SchemingMind.com"]
[Date "2006.03.12"]
[Round "2"]
[White "Aumonde"]
[Black "Chess Tiger"]
[Result "0-1"]
[WhiteCountry "USA"]
[BlackCountry "GER"]
[WhiteElo "2151"]
[WhiteRD "61"]
[BlackElo "2251"]
[BlackRD "75"]
[GameID "42456"]

1. e4 c5 2. c3 g6 3. Nf3 d5 4. exd5 Qxd5 5. d4 Bg7 6. Na3 Nf6 7. Bc4 Qe4+ 8. Be3 O-O 9. O-O cxd4 10. Nxd4 Qe5
11. Qd2 Nc6 12. Rfe1 Bd7 13. Nxc6 Bxc6 14. Bxa7 Qc7 15. Bd4 Ng4 16. f4 Bh6 17. Qd1 Qxf4 18. g3 Qf5 19. Rxe7 Bg5 20. Bd3 Qd5
21. Be4 Qd8 22. Rxf7 Rxf7 23. Qxg4 Qe7 24. Bxc6 bxc6 25. Nc2 h5 26. Qh3 c5 27. Re1 Qb7 28. Qe6 cxd4 29. Qxg6+ Rg7 30. Re8+ Rxe8
31. Qxe8+ Kh7 32. Qxh5+ Bh6 33. Qf5+ Rg6 34. cxd4 Qxb2 35. Qd7+ Bg7 36. Qh3+ Kg8 37. Qc8+ Bf8 38. Qc4+ Kh8 39. Kg2 Rf6 40. a4 Qb1
41. Qe2 Qa2 42. Qe4 Qc4 43. Qh4+ Rh6 44. Qe4 Re6 45. Qf5 Qe2+ 46. Qf2 Qe4+ 47. Kg1 Bg7 48. d5 Qxd5 49. Qf1 Qc5+ 50. Qf2 Qc4
51. a5 Re2
0-1

[Event "2006 Standard Chess Dropout Tournament, Round 2"]
[Site "SchemingMind.com"]
[Date "2006.03.13"]
[Round "2"]
[White "banong"]
[Black "simon_w"]
[Result "0-1"]
[WhiteCountry "PHI"]
[BlackCountry "IRL"]
[WhiteElo "1731"]
[WhiteRD "77"]
[BlackElo "1614"]
[BlackRD "75"]
[GameID "42457"]

1. e4 e5 2. Nf3 Nc6 3. Bb5 Nf6 4. O-O d6 5. Nc3 Bd7 6. d3 a6 7. Ba4 b5 8. Bb3 Nd4 9. Nxd4 exd4 10. Ne2 c5
11. Ng3 g6 12. Bg5 Bg7 13. Bd5 Rc8 14. Qd2 Qc7 15. Rfe1 O-O 16. Bh6 Ng4 17. Bxg7 Kxg7 18. a3 Bc6 19. c4 Ne5 20. b3 bxc4
21. bxc4 Rb8 22. f4 Bxd5 23. cxd5 Nd7 24. f5 f6 25. h4 Ne5 26. h5 g5 27. Rab1 c4 28. dxc4 Rxb1 29. Rxb1 Qc5 30. Kh2 Rc8
31. Rb7+ Kg8 32. h6 Ng4+ 33. Kh3 Nxh6 34. Nh5 Qxa3+ 35. g3 Rf8 36. Qd1 Qe3 37. Rg7+ Kh8 38. c5 dxc5 39. Qb1 Qf3 40. Qb7 Qh1#
0-1

[Event "2006 Standard Chess Dropout Tournament, Round 2"]
[Site "SchemingMind.com"]
[Date "2006.03.12"]
[Round "2"]
[White "Barry"]
[Black "bohemian rhapsody"]
[Result "0-1"]
[WhiteCountry "GBR"]
[BlackCountry "GBR"]
[WhiteElo "1650"]
[WhiteRD "116"]
[BlackElo "1878"]
[BlackRD "93"]
[GameID "42458"]

1. e4 c5 2. Nf3 e6 3. d4 cxd4 4. Nxd4 d6 5. Nc3 Nf6 6. Bd3 Be7 7. O-O O-O 8. Bg5 Nd5 9. Bxe7 Nxc3 10. Bxd8 Nxd1
11. Raxd1 Rxd8 12. c4 Nc6 13. Nxc6 bxc6 14. e5 g6 15. exd6 Rxd6 16. Be4 Rxd1 17. Rxd1 Bb7 18. b4 f5 19. Bf3 Rb8 20. b5 cxb5
21. Bxb7 Rxb7 22. cxb5 Rxb5 23. g3 a5 24. Rd3 Rb1+ 25. Kg2 Rb2 26. Ra3 Rb5 27. f4 h6 28. Kf3 g5 29. Re3 Kf7 30. fxg5 hxg5
31. Rb3 Rxb3+ 32. axb3 Kf6 33. h4 e5
0-1

[Event "2006 Standard Chess Dropout Tournament, Round 2"]
[Site "SchemingMind.com"]
[Date "2006.03.12"]
[Round "2"]
[White "benchbrunellnow"]
[Black "bholenath"]
[Result "0-1"]
[WhiteCountry "USA"]
[BlackCountry "SCO"]
[WhiteElo "1536"]
[WhiteRD "55"]
[BlackElo "1555"]
[BlackRD "109"]
[GameID "42459"]

1. d4 d5 2. c4 Nf6 3. cxd5 Nxd5 4. e4 Nb6 5. d5 g6 6. Nc3 Bg7 7. Nf3 c6 8. Bf4 N8d7 9. e5 cxd5 10. Nxd5 O-O
11. e6 fxe6 12. Nc7 Rb8 13. Nxe6 Qe8 14. Nxf8 Qxf8 15. Bxb8 Bxb2 16. Qb3+ Qf7 17. Qxb2 Nxb8 18. Ng5 Qf4 19. Qb3+ Kg7 20. Qc3+ Kh6
21. h4 Bf5 22. Rb1 Bxb1 23. Bd3 Bxd3 24. Qxd3 Qc1+ 25. Qd1 Qxd1+ 26. Kxd1 Nc6 27. f4 Nc4 28. Ke2 Nb4 29. Rb1 a5 30. Rc1 b5
31. a4 Na2 32. Rc2 Nb4 33. Rc1 Na3 34. axb5 Nxb5 35. Rc8 Nd4+ 36. Kf1 Nf5 37. Rh8 Kg7 38. Rxh7+ Kg8 39. Kg1 a4 40. g4 a3
41. gxf5 a2 42. fxg6 a1=Q+ 43. Kg2 Qf6 44. g7 Nd3 45. Kh1 Nxf4
0-1

[Event "2006 Standard Chess Dropout Tournament, Round 2"]
[Site "SchemingMind.com"]
[Date "2006.03.17"]
[Round "2"]
[White "bholenath"]
[Black "roscoe"]
[Result "1-0"]
[WhiteCountry "SCO"]
[BlackCountry "USA"]
[WhiteElo "1669"]
[WhiteRD "97"]
[BlackElo "1462"]
[BlackRD "79"]
[GameID "42460"]

1. d4 d6 2. d5 c5 3. dxc6 bxc6 4. e3 g6 5. Nf3 Bg7 6. Bd3 Nf6 7. h3 O-O 8. Nbd2 c5 9. h4 Bg4 10. c4 Nc6
11. a3 e5 12. e4 Nd4 13. Qa4 Bd7 14. Qd1 Qa5 15. Nxd4 exd4 16. O-O Nh5 17. g3 Rae8 18. Nb3 Qb6 19. Bd2 Ba4 20. Bc2 Qa6
21. Bd3 Rb8 22. Bc2 Rfe8 23. f3 d3 24. Bxd3 Bxb3 25. Qc1 Nxg3 26. Re1 Bd4+ 27. Be3 Re5 28. Kh2 Nh5 29. f4 Bxe3 30. Qxe3 Re6
31. Be2 Bxc4 32. Bxh5 Rxb2+ 33. Kh1 Rb3 34. Qc1 Rh3+ 35. Kg2 Rxh4 36. Kg3 Rxh5 37. Rb1 Re8 38. Qd2 Qxa3+ 39. Re3 Qa6 40. Qc2 Qc8
41. Qxc4 Qh3+ 42. Kf2 Qh2+ 43. Ke1 Qxf4 44. Kd2 d5 45. Rf1 Qh2+ 46. Qe2 d4 47. Ref3 Re7 48. R1f2 Qe5 49. Qc4 Qxe4 50. Rxf7 Qe3+
51. Kc2 Qc3+ 52. Qxc3 dxc3 53. Rxe7
1-0

[Event "2006 Standard Chess Dropout Tournament, Round 2"]
[Site "SchemingMind.com"]
[Date "2006.03.13"]
[Round "2"]
[White "bohemian rhapsody"]
[Black "albear"]
[Result "0-1"]
[WhiteCountry "GBR"]
[BlackCountry "ENG"]
[WhiteElo "1835"]
[WhiteRD "105"]
[BlackElo "1709"]
[BlackRD "81"]
[GameID "42461"]

1. e4 e5 2. Nf3 Nc6 3. Nc3 Nf6 4. Bb5 Bb4 5. O-O O-O 6. Re1 Bxc3 7. bxc3 d6 8. Bxc6 bxc6 9. d3 Bg4 10. h3 Bxf3
11. Qxf3 d5 12. exd5 cxd5 13. Rxe5 c6 14. Bg5 Qd6 15. Bf4 Qc5 16. c4 Qd4 17. Ree1 Rae8 18. Bd6 Rxe1+ 19. Rxe1 Re8 20. Rxe8+ Nxe8
21. Bg3 h6 22. Qe3 Qxe3 23. fxe3 dxc4 24. dxc4 Nf6 25. Bb8 a6 26. Be5 Ne4 27. c3 c5 28. Kf1 f6 29. Bh2 Nxc3 30. a3 Nb1
31. a4 Nd2+ 32. Ke2 Nxc4 33. g4 Nb2 34. a5 Nc4
0-1

[Event "2006 Standard Chess Dropout Tournament, Round 2"]
[Site "SchemingMind.com"]
[Date "2006.03.12"]
[Round "2"]
[White "boojiboy"]
[Black "mick"]
[Result "1-0"]
[WhiteCountry "USA"]
[BlackCountry "USA"]
[WhiteElo "1720"]
[WhiteRD "80"]
[BlackElo "1634"]
[BlackRD "109"]
[GameID "42462"]

1. e4 d6 2. d4 a6 3. c4 h6 4. Nc3 e5 5. dxe5 dxe5 6. Qxd8+ Kxd8 7. Nf3 f6 8. Be2 Bb4 9. Bd2 Bxc3 10. Bxc3 c5
11. O-O a5 12. Rad1+ Kc7 13. Rd5 b6 14. Rfd1 g5 15. h3 Bb7 16. Rd8 Bxe4 17. Nh2 h5 18. Bf3 Bxf3 19. Nxf3 Kb7 20. Rf8 Na6
21. Rxa8 Kxa8 22. Rd8+ Kb7 23. a3 Kc7 24. Rf8 Nb8 25. Nd2 Nd7 26. Re8 Kb7 27. Ne4 Nb8 28. Nxg5 Nc6 29. Ne4 Nce7 30. Nxf6 Rh6
31. Nxg8
1-0

[Event "2006 Standard Chess Dropout Tournament, Round 2"]
[Site "SchemingMind.com"]
[Date "2006.03.12"]
[Round "2"]
[White "Brendan Joseph Birt"]
[Black "lea_dc"]
[Result "1-0"]
[WhiteCountry "USA"]
[BlackCountry "ARG"]
[WhiteElo "1890"]
[WhiteRD "110"]
[BlackElo "1712"]
[BlackRD "93"]
[GameID "42464"]

1. e4 c5 2. c3 d5 3. exd5 Qxd5 4. d4 cxd4 5. Nf3 Nc6 6. cxd4 Bg4 7. Be2 Bxf3 8. Bxf3 Qd7 9. Be3 Nf6 10. Nc3 e6
11. O-O Be7 12. d5 exd5 13. Nxd5 Nxd5 14. Bxd5 Rd8 15. Bxc6 Qxc6 16. Qe2 a6 17. Rac1 Qe6 18. Rc7 b5 19. Qf3 O-O 20. Bf4 Rfe8
21. Rc6 Qxa2 22. Be5 Bf8 23. Qg3 Qd5 24. Bxg7 Bxg7 25. Rxa6 Re2 26. b3 Rb2 27. h4 Qxb3 28. Qg5 Qd5 29. Qg4 b4 30. h5 Kf8
31. h6 Bh8 32. Rb6 b3 33. Qb4+ Ke8 34. Re1+ Be5 35. Rb5 Qd4 36. Rbxe5+ Qxe5 37. Rxe5+ Kd7 38. Qe7+ Kc6 39. Rc5+
1-0

[Event "2006 Standard Chess Dropout Tournament, Round 2"]
[Site "SchemingMind.com"]
[Date "2006.03.12"]
[Round "2"]
[White "brightnight"]
[Black "Scramble Suit"]
[Result "1-0"]
[WhiteCountry "USA"]
[BlackCountry "IRL"]
[WhiteElo "1442"]
[WhiteRD "88"]
[BlackElo "1421"]
[BlackRD "84"]
[GameID "42465"]

1. e4 e5 2. Nf3 Nc6 3. Bb5 Nf6 4. d3 Bb4+ 5. c3 Bc5 6. O-O O-O 7. Bg5 a6 8. Bxc6 dxc6 9. h3 Qd6 10. Bxf6 Qxf6
11. d4 Rd8 12. Nxe5 Bd6 13. Nc4 Bxh3 14. e5 Qg6 15. Ne3 Bxe5 16. Re1 f5 17. Qf3 Bg4 18. Nxg4 fxg4 19. Qe4 Bh2+ 20. Kxh2 Rf8
21. Qxg6 hxg6 22. Nd2
1-0

[Event "2006 Standard Chess Dropout Tournament, Round 2"]
[Site "SchemingMind.com"]
[Date "2006.03.12"]
[Round "2"]
[White "C. H. O'D. Schlechter"]
[Black "dadshane2000"]
[Result "1-0"]
[WhiteCountry "USA"]
[BlackCountry "USA"]
[WhiteElo "2243"]
[WhiteRD "73"]
[BlackElo "1828"]
[BlackRD "84"]
[GameID "42466"]

1. e4 e5 2. Nf3 Nc6 3. Nc3 Nf6 4. Bb5 Bb4 5. O-O O-O 6. d3 d6 7. Bg5 Bxc3 8. bxc3 Qe7 9. d4 h6 10. Bh4 Bg4
11. h3 Bh5 12. Re1 g5 13. Bg3 g4 14. Nh4 Kh7 15. Nf5 Qd8 16. Bxc6 bxc6 17. Bh4 Kg6 18. Ng3 Qe7 19. Nxh5
1-0

[Event "2006 Standard Chess Dropout Tournament, Round 2"]
[Site "SchemingMind.com"]
[Date "2006.03.12"]
[Round "2"]
[White "Chess Tiger"]
[Black "paddyBosnian"]
[Result "1-0"]
[WhiteCountry "GER"]
[BlackCountry "BIH"]
[WhiteElo "2207"]
[WhiteRD "79"]
[BlackElo "1835"]
[BlackRD "74"]
[GameID "42468"]

1. e4 e5 2. Nf3 Nf6 3. Nxe5 d6 4. Nf3 Nxe4 5. d4 d5 6. Bd3 Bd6 7. O-O O-O 8. c4 c6 9. Nc3 Nxc3 10. bxc3 dxc4
11. Bxc4 Bg4 12. Qd3 Qc7 13. Ng5 g6 14. Qe4 Bf5 15. Qh4 h5 16. g4 Bxg4 17. Nxf7 Rxf7 18. Qf6 Qe7 19. Qxg6+ Kh8 20. Bxf7 Bxh2+
21. Kxh2
1-0

[Event "2006 Standard Chess Dropout Tournament, Round 2"]
[Site "SchemingMind.com"]
[Date "2006.03.12"]
[Round "2"]
[White "chillipepper12345"]
[Black "Quirine"]
[Result "0-1"]
[WhiteCountry "USA"]
[BlackCountry "NED"]
[WhiteElo "1788"]
[WhiteRD "86"]
[BlackElo "1887"]
[BlackRD "87"]
[GameID "42469"]

1. e4 e6 2. d4 d5 3. Nc3 Nf6 4. Bg5 Be7 5. e5 Nfd7 6. Bxe7 Qxe7 7. Qh5 a6 8. Nf3 c5 9. dxc5 Nc6 10. Bd3 h6
11. O-O Nxc5 12. a3 b5
0-1

[Event "2006 Standard Chess Dropout Tournament, Round 2"]
[Site "SchemingMind.com"]
[Date "2006.03.23"]
[Round "2"]
[White "cnbcad"]
[Black "saxon"]
[Result "0-1"]
[WhiteCountry "USA"]
[BlackCountry "GER"]
[WhiteElo "1360"]
[WhiteRD "62"]
[BlackElo "2170"]
[BlackRD "117"]
[GameID "42470"]

1. e4 c5 2. Nf3 e6 3. b3 d5 4. exd5 exd5 5. Bb5+ Bd7 6. Bxd7+ Qxd7 7. O-O Nc6 8. Re1+ Be7 9. Bb2 d4 10. b4 Nf6
11. b5 Nb4 12. a3 Nbd5 13. Ne5 Qxb5 14. Qc1 Qa4 15. c3 O-O 16. c4 Nb6 17. d3 Bd6 18. Nf3 Qb3 19. Rd1 Bf4 20. Nbd2 Qxd3
21. g3 Bxd2 22. Nxd2 Rfe8 23. Re1 Rxe1+ 24. Qxe1 Re8 25. Qd1 Re2 26. Bc1 Nxc4 27. Ra2 Ng4 28. Qa4 Re1+ 29. Kg2 Nge3+ 30. Kh3 Qf5+
0-1

[Event "2006 Standard Chess Dropout Tournament, Round 2"]
[Site "SchemingMind.com"]
[Date "2006.03.12"]
[Round "2"]
[White "CunningBill"]
[Black "boojiboy"]
[Result "0-1"]
[WhiteCountry "USA"]
[BlackCountry "USA"]
[WhiteElo "1527"]
[WhiteRD "73"]
[BlackElo "1720"]
[BlackRD "80"]
[GameID "42471"]

1. e4 g6 2. Nf3 c5 3. Nc3 Bg7 4. Bc4 Nc6 5. d3 e6 6. Be3 a6 7. Bxc5 d6 8. Ba3 b5 9. Bxb5 axb5 10. Nxb5 Qa5+
11. Nc3 Bxc3+ 12. bxc3 Qxc3+ 13. Nd2 Rxa3 14. O-O Ba6 15. Nf3 Nf6 16. Re1 O-O 17. d4 Nb4 18. Rc1 Rxa2 19. Re3 Qc4 20. c3 Nd3
21. Nd2 Rxd2 22. Qxd2 Nxc1 23. Qxc1 Rb8 24. Re1 Qd3 25. Qa1 Nxe4 26. h3 Nxc3 27. Kh2 Bb7 28. Qb2 Nd5 29. Ra1 Qc3 30. Qb1 Qc6
0-1

[Event "2006 Standard Chess Dropout Tournament, Round 2"]
[Site "SchemingMind.com"]
[Date "2006.03.13"]
[Round "2"]
[White "CuriousShadow"]
[Black "Juan Jose Rivas Maceda"]
[Result "1-0"]
[WhiteCountry "USA"]
[BlackCountry "PER"]
[WhiteElo "2005"]
[WhiteRD "168"]
[BlackElo "1962"]
[BlackRD "117"]
[GameID "42472"]

1. e4 e5 2. Nf3 Nc6 3. Bb5 a6 4. Bxc6 dxc6 5. O-O Bg4 6. h3 h5 7. d3 Qf6 8. Nbd2 g5 9. Nc4 Bxf3 10. Qxf3 Qxf3
11. gxf3 f6 12. h4 g4 13. f4
1-0

[Event "2006 Standard Chess Dropout Tournament, Round 2"]
[Site "SchemingMind.com"]
[Date "2006.03.12"]
[Round "2"]
[White "dadshane2000"]
[Black "Reddog"]
[Result "0-1"]
[WhiteCountry "USA"]
[BlackCountry "ENG"]
[WhiteElo "1851"]
[WhiteRD "80"]
[BlackElo "1983"]
[BlackRD "102"]
[GameID "42474"]

1. e4 e5 2. Nf3 Nf6 3. d4 exd4 4. e5 Ne4 5. Qxd4 d5 6. exd6 Nxd6 7. Bd3 Qe7+ 8. Be3 Bf5 9. Nc3 Nc6 10. Qf4 Bxd3
11. cxd3 Qd7 12. O-O-O Be7 13. d4 O-O 14. d5 Na5 15. Ne5 Qf5 16. Qxf5 Nxf5 17. Bf4 Rac8 18. Kb1 Rfe8 19. Rhe1 Nh4 20. Rg1 Bd6
21. Nd3 Bxf4 22. Nxf4= Nc4 23. Rd4 Nd6 24. Nfe2 Ng6 25. Ng3 f5 26. Nce2 Re7 27. Rgd1 Rce8 28. Nf4 Nxf4 29. Rxf4 g5 30. Rfd4 f4
31. Nh5 Kf7 32. g4 Re2 33. R4d2 Rxd2 34. Rxd2 Nc4 35. Rc2 Re1+ 36. Rc1 Rxc1+ 37. Kxc1 Ne5 38. h3 Nd3+ 39. Kd2 Nxf2 40. Ke2 Ne4
41. Kd3 Nf6 42. Nxf6 Kxf6 43. Ke4 Ke7 44. b4 Kd6 45. Kd4 f3 46. Ke3 Kxd5 47. Kxf3 b5 48. Ke3 Kc4 49. Ke4 Kxb4 50. Kf5 c5
51. Kxg5 c4 52. Kh6 c3 53. Kxh7 c2 54. g5 c1=Q 55. g6 Qc2 56. h4 Qh2 57. g7 Qxh4+ 58. Kg8 Qc4+ 59. Kh7 Qxa2 60. g8=Q Qxg8+
61. Kxg8 a5
0-1

[Event "2006 Standard Chess Dropout Tournament, Round 2"]
[Site "SchemingMind.com"]
[Date "2006.03.12"]
[Round "2"]
[White "danielchess"]
[Black "Julio Fuentes"]
[Result "1-0"]
[WhiteCountry "ARG"]
[BlackCountry "CHI"]
[WhiteElo "2055"]
[WhiteRD "104"]
[BlackElo "1830"]
[BlackRD "82"]
[GameID "42475"]

1. e4 d5 2. exd5 Qxd5 3. Nc3 Qa5 4. d4 c6 5. Nf3 Nf6 6. Bd3 Bf5 7. O-O Bxd3 8. Qxd3 e6 9. Ne5 Nbd7 10. Bf4 Nxe5
11. dxe5 Nd5 12. Nxd5 exd5 13. Qf5 Bc5 14. Qg4 g6 15. e6 O-O 16. c3 fxe6 17. Qxe6+ Kg7 18. Be5+
1-0

[Event "2006 Standard Chess Dropout Tournament, Round 2"]
[Site "SchemingMind.com"]
[Date "2006.03.12"]
[Round "2"]
[White "Danzino"]
[Black "latvija"]
[Result "0-1"]
[WhiteCountry "GBR"]
[BlackCountry "USA"]
[WhiteElo "1881"]
[WhiteRD "85"]
[BlackElo "2083"]
[BlackRD "92"]
[GameID "42476"]

1. e4 c5 2. Nf3 Nc6 3. d4 cxd4 4. Nxd4 Nf6 5. Nc3 g6 6. Nxc6 bxc6 7. e5 Nh5 8. Bc4 e6 9. Qd4 f6 10. f4 fxe5
11. fxe5 Bg7 12. O-O d5 13. Be2 Qc7 14. Bxh5 gxh5 15. Bf4 Ba6 16. Rf3 Qb6 17. Qxb6 axb6 18. Bg3 Rf8 19. Rxf8+ Kxf8 20. Re1 Kf7
21. Re3 Kg6 22. Rf3 h4 23. Bxh4 Bxe5 24. Bf2 Re8 25. Na4 b5 26. Nc5 Bc8 27. c3 Bd6 28. b4 e5 29. Be3 h5 30. Rg3+ Bg4
31. Bf2 e4 32. Re3 Bf4 33. Re1 Bd2 34. Rb1 Bxc3 35. h3 Bf5
0-1

[Event "2006 Standard Chess Dropout Tournament, Round 2"]
[Site "SchemingMind.com"]
[Date "2006.03.14"]
[Round "2"]
[White "dfan"]
[Black "sythymesnos"]
[Result "1-0"]
[WhiteCountry "USA"]
[BlackCountry "FRA"]
[WhiteElo "1869"]
[WhiteRD "98"]
[BlackElo "1706"]
[BlackRD "71"]
[GameID "42477"]

1. c4 e6 2. g3 d5 3. Bg2 Nf6 4. Nf3 c6 5. O-O Bd6 6. d3 O-O 7. Nc3 Na6 8. e4 dxe4 9. dxe4 Be7 10. e5 Nd7
11. Re1 Nc7 12. Ne4 b5 13. Qc2 bxc4 14. Qxc4 Bb7 15. Bg5 Nb6 16. Bxe7 Qxe7 17. Qc2 Ncd5 18. Nd6 Nc8 19. Nxb7 Qxb7 20. Ng5 g6
21. h4 Nce7 22. h5 Rfd8 23. Ne4 Kg7 24. Nd6 Qb8 25. Bf3 Nc8 26. Nc4 Nce7= 27. Kg2 Qc7 28. Rh1 Rab8 29. Be4 c5 30. Qc1 Rh8
31. b3 Rbd8 32. hxg6 hxg6 33. Qg5 Rde8 34. Nd6 Ref8 35. Rxh8 Rxh8 36. Rh1 Rxh1 37. Ne8+ Kf8 38. Nxc7 Rh5 39. Nxe6+ fxe6 40. Qc1 Rxe5
41. Qh6+ Kg8 42. Bxg6
1-0

[Event "2006 Standard Chess Dropout Tournament, Round 2"]
[Site "SchemingMind.com"]
[Date "2006.03.13"]
[Round "2"]
[White "e_castle3"]
[Black "benchbrunellnow"]
[Result "1-0"]
[WhiteCountry "PHI"]
[BlackCountry "USA"]
[WhiteElo "1683"]
[WhiteRD "68"]
[BlackElo "1555"]
[BlackRD "53"]
[GameID "42478"]

1. e4 e5 2. Nf3 d5 3. exd5 e4 4. Qe2 Nf6 5. Nc3 Bf5 6. Nd4 Bg6 7. Qb5+ Nbd7 8. Qxb7 Bc5 9. Nc6 Qc8 10. Qxc8+ Rxc8
11. Ba6 O-O 12. Bxc8 Rxc8 13. a3 Ng4 14. O-O a6 15. b4 Bd6 16. h3 Ngf6 17. Re1 Nb6 18. Bb2 Nc4 19. Bc1 Kh8 20. a4 Ne5
21. b5 Ra8 22. Rb1 Nc4 23. Rb3 e3 24. d3 exf2+ 25. Kxf2 Nb6 26. Bg5 Nh5 27. Re3 Bc5 28. a5 Bxe3+ 29. Bxe3 Nd7 30. b6 cxb6
31. axb6 Re8 32. b7 Nb8 33. Nxb8 Rxb8 34. Ba7
1-0

[Event "2006 Standard Chess Dropout Tournament, Round 2"]
[Site "SchemingMind.com"]
[Date "2006.03.12"]
[Round "2"]
[White "eHowitzer"]
[Black "Gambiteer"]
[Result "1-0"]
[WhiteCountry "CAN"]
[BlackCountry "ENG"]
[WhiteElo "2164"]
[WhiteRD "69"]
[BlackElo "1973"]
[BlackRD "68"]
[GameID "42479"]

1. c4 c6 2. Nf3 Nf6 3. d4 d5 4. Nc3 dxc4 5. a4 Bf5 6. e3 e6 7. Bxc4 Bd6 8. O-O Nbd7 9. Qe2 Nb6 10. Bd3 Bxd3
11. Qxd3 O-O 12. e4 Nfd7 13. a5 Nc8 14. Bg5 f6 15. a6 bxa6 16. Be3 Nb8 17. e5 Bxe5 18. Nxe5 fxe5 19. Rfd1 exd4 20. Bxd4 Qh4
21. Qe3 Re8 22. Ra5 h6 23. Bxg7 Kxg7 24. Rd4 Qf6 25. Rg4+ Kh7 26. Rh5
1-0

[Event "2006 Standard Chess Dropout Tournament, Round 2"]
[Site "SchemingMind.com"]
[Date "2006.03.12"]
[Round "2"]
[White "Erhaem"]
[Black "Gambit13"]
[Result "1-0"]
[WhiteCountry "NED"]
[BlackCountry "USA"]
[WhiteElo "2018"]
[WhiteRD "52"]
[BlackElo "1863"]
[BlackRD "125"]
[GameID "42480"]

1. d4 Nf6 2. Nf3 g6 3. Bg5 Bg7 4. Nbd2 O-O 5. e3 d6 6. Be2 Nbd7 7. O-O h6 8. Bh4 e5 9. dxe5 dxe5 10. Nc4 Qe7
11. c3 Qc5 12. Qc2 b5 13. Na5 Ne8 14. b4 Qb6 15. Be7 c5 16. Rfd1 Nc7 17. Rd6
1-0

[Event "2006 Standard Chess Dropout Tournament, Round 2"]
[Site "SchemingMind.com"]
[Date "2006.03.12"]
[Round "2"]
[White "fer_even"]
[Black "CuriousShadow"]
[Result "1-0"]
[WhiteCountry "ARG"]
[BlackCountry "USA"]
[WhiteElo "2192"]
[WhiteRD "72"]
[BlackElo "2005"]
[BlackRD "168"]
[GameID "42481"]

1. d4 f5 2. g3 Nf6 3. Bg2 g6 4. Nh3 Bg7 5. Nf4 Nc6 6. c3 e5 7. dxe5 Nxe5 8. Qb3 c6 9. O-O d5 10. Nd3 Nc4
11. Nd2 Nxd2 12. Bxd2 Qb6 13. Qa3 Bd7 14. c4 O-O-O 15. Ba5 Qd4 16. cxd5 Nxd5 17. Rfd1 Qf6 18. Bxd8 Rxd8 19. Qxa7
1-0

[Event "2006 Standard Chess Dropout Tournament, Round 2"]
[Site "SchemingMind.com"]
[Date "2006.03.12"]
[Round "2"]
[White "Gambit13"]
[Black "griffimv"]
[Result "0-1"]
[WhiteCountry "USA"]
[BlackCountry "INT"]
[WhiteElo "1843"]
[WhiteRD "127"]
[BlackElo "2145"]
[BlackRD "73"]
[GameID "42482"]

1. e4 c5 2. Nf3 d6 3. d4 cxd4 4. Nxd4 Nf6 5. Nc3 a6 6. Bg5 e6 7. f4 Qc7 8. Qf3 Be7 9. O-O-O Nbd7 10. g4 b5
11. Bxf6 Nxf6 12. g5 Nd7 13. f5 Nc5 14. f6 gxf6 15. gxf6 Bf8 16. Rg1 h5 17. a3 Bd7 18. Bh3 Rb8 19. Rde1 b4 20. Nd5 Qa5
21. Nxb4 Rxb4 22. axb4 Qa1+ 23. Kd2 Qxb2 24. bxc5 Qxd4+ 25. Qd3 Bh6+ 26. Kd1 Qxc5 27. Qxa6 Qd4+ 28. Qd3 Qa1+ 29. Ke2 Qxf6 30. Rb1 Qe5
31. Rb8+ Ke7 32. Rxh8 Qxh8 33. Kf3 Qe5 34. Rg2 Bc6 35. c4 f5
0-1

[Event "2006 Standard Chess Dropout Tournament, Round 2"]
[Site "SchemingMind.com"]
[Date "2006.03.12"]
[Round "2"]
[White "Gambiteer"]
[Black "Raimondi"]
[Result "1-0"]
[WhiteCountry "ENG"]
[BlackCountry "PER"]
[WhiteElo "1973"]
[WhiteRD "68"]
[BlackElo "1601"]
[BlackRD "63"]
[GameID "42483"]

1. c4 Nf6 2. Nc3 e6 3. Nf3 d5 4. d4 Be7 5. cxd5 exd5 6. Bg5 c6 7. e3 Nbd7 8. Bd3 O-O 9. O-O Re8 10. Qc2 b5
11. Rfe1 a5 12. e4 Nxe4 13. Bxe7 Rxe7 14. Nxe4 dxe4 15. Bxe4 Bb7 16. Bxh7+ Kf8 17. Be4 Rc8 18. Bf5 Rc7 19. Rxe7 Qxe7 20. Re1 Qf6
21. Qe4 Qd8 22. Ng5 Nf6 23. Qh4 Kg8 24. Nh7
1-0

[Event "2006 Standard Chess Dropout Tournament, Round 2"]
[Site "SchemingMind.com"]
[Date "2006.03.12"]
[Round "2"]
[White "Gordon"]
[Black "Aumonde"]
[Result "1-0"]
[WhiteCountry "ENG"]
[BlackCountry "USA"]
[WhiteElo "2230"]
[WhiteRD "68"]
[BlackElo "2151"]
[BlackRD "61"]
[GameID "42484"]

1. e4 c6 2. d4 d5 3. Nc3 dxe4 4. Nxe4 Bf5 5. Ng3 Bg6 6. Nf3 Nd7 7. h4 h6 8. h5 Bh7 9. Bd3 Bxd3 10. Qxd3 Qc7
11. Bd2 Ngf6 12. O-O-O e6 13. Ne4 O-O-O 14. Kb1 Nxe4 15. Qxe4 Nf6 16. Qe2 c5 17. Rh4 Kb8 18. dxc5 Bxc5 19. Rc4 Qe7 20. Ne5 Bb6
21. g4 Rhe8 22. g5 hxg5 23. Bxg5 Rxd1+ 24. Qxd1 Rd8 25. Qf3 a6 26. Nd3 e5 27. Nxe5 Rd6 28. Nd3 Ka7 29. Rf4 Bd8 30. Rf5 Rc6
31. Qe3+ Ka8 32. Qxe7 Bxe7 33. c3 Rd6 34. Ne5 Rd1+ 35. Kc2 Rd5 36. c4 Rd6 37. Nxf7
1-0

[Event "2006 Standard Chess Dropout Tournament, Round 2"]
[Site "SchemingMind.com"]
[Date "2006.03.13"]
[Round "2"]
[White "Grazic66"]
[Black "Zarra"]
[Result "0-1"]
[WhiteCountry "ITA"]
[BlackCountry "FIN"]
[WhiteElo "1694"]
[WhiteRD "100"]
[BlackElo "1718"]
[BlackRD "82"]
[GameID "42485"]

1. e4 e5 2. Nc3 Nf6 3. Bc4 Nxe4 4. Qh5 Nd6 5. Bb3 Nc6 6. Nb5 g6 7. Qf3 f5 8. Qd5 Qe7 9. Nxc7+ Kd8 10. Nxa8 b6
11. Nxb6 axb6 12. Qf3 Bb7 13. c3 e4 14. Qh3 Ne5
0-1

[Event "2006 Standard Chess Dropout Tournament, Round 2"]
[Site "SchemingMind.com"]
[Date "2006.03.12"]
[Round "2"]
[White "griffimv"]
[Black "Danzino"]
[Result "1-0"]
[WhiteCountry "INT"]
[BlackCountry "GBR"]
[WhiteElo "2070"]
[WhiteRD "81"]
[BlackElo "1871"]
[BlackRD "93"]
[GameID "42486"]

1. e4 c5 2. Nf3 d6 3. d4 cxd4 4. Nxd4 Nf6 5. Nc3 a6 6. Be3 Ng4 7. Bg5 h6 8. Bh4 g5 9. Bg3 Bg7 10. h3 Ne5
11. Nf5 Bxf5 12. exf5 Nec6 13. Nd5 Bxb2 14. Rb1 Qa5+ 15. Qd2 Qxa2 16. Rxb2 Qxb2 17. Nc7+ Kd7 18. Nxa8 Nd4 19. c4 Qb1+ 20. Qd1 Qb4+
21. Qd2 Qxd2+ 22. Kxd2 Kc6 23. Bd3 Nb3+ 24. Kc2 Nc5 25. Be2 e6 26. Bf3+ Kd7 27. fxe6+ fxe6 28. Rd1 Nc6 29. Bxd6 Rxa8 30. Bxc5+
1-0

[Event "2006 Standard Chess Dropout Tournament, Round 2"]
[Site "SchemingMind.com"]
[Date "2006.03.13"]
[Round "2"]
[White "harsh"]
[Black "lumilinna"]
[Result "1/2-1/2"]
[WhiteCountry "IND"]
[BlackCountry "FIN"]
[WhiteElo "1933"]
[WhiteRD "80"]
[BlackElo "1853"]
[BlackRD "75"]
[GameID "42488"]

1. e4 c5 2. Nf3 d6 3. d4 cxd4 4. Nxd4 Nf6 5. Nc3 g6 6. Be3 Bg7 7. f3 O-O 8. Qd2 Nc6 9. O-O-O d5 10. h4 dxe4
11. fxe4 Ng4 12. Nxc6 Qxd2+ 13. Bxd2 bxc6 14. Re1 Rb8 15. Bc4 a5 16. h5 Ne5 17. Bb3 Kh8 18. Na4 Rb5 19. Nc3 Rb8= 20. Ref1 Ba6
21. Re1 Nd7= 22. Na4 c5 23. Nc3 c4 24. Ba4 Nc5 25. e5 Nxa4 26. Nxa4 Rb5 27. h6 Bxe5 28. Rxe5 Rxe5 29. Bc3 f6 30. Bxe5 fxe5
31. Nc5 Bc8 32. Re1 Rf5 33. Rd1 Kg8 34. Rd8+ Rf8 35. Rd5 Rf5 36. Rd8+=
1/2-1/2